| 000 | 01177nam a2200289 c 4500 | ||
|---|---|---|---|
| 003 | BLK | ||
| 005 | 20180422112244.0 | ||
| 008 | 180409b bul|||||r ||||||| ||bul|| | ||
| 010 | _aKNG00146190000 | ||
| 040 | _aBLK | ||
| 041 |
_aBUL _cBUL |
||
| 080 |
_aБългарска литература _b821.163.2 _x-93-1 _z821.163.2-93-1 |
||
| 100 | 1 |
_aГоранов, Ангел Иванов _eпърви автор _9376040 |
|
| 700 | 1 |
_aЧолакова, Мая _eхудож. _9322190 |
|
| 139 |
_aГоранов, Ангел Иванов _bГ 65 |
||
| 245 | 1 | 0 |
_aДругарче ми каза _bСтихотворения за деца _cАнгел Иванов Горанов; худож. Мая Чолакова. |
| 257 | _aBGR | ||
| 260 |
_аСофия _bБълг. писател _c1986 _fВраца : В. Александров |
||
| 300 |
_a75 с. _bс ил. _c18 см |
||
| 380 | _aDX | ||
| 500 | _a10 111 тир. | ||
| 852 | _aЦб І 34852 | ||
| 856 | 4 |
_qpdf _u |
|
| 856 | 4 |
_qpdf _u |
|
| 942 |
_cKNG _n0 |
||
| 944 |
_aCR _c17.07.2013 _l17.07.2013 - от С1,Р / 17.07.2013 _kЕлиза_Атанасова |
||
| 944 |
_aED _c13.09.2017 _l17.07.2013 - от С1,Р / 17.07.2013 _kСевдалина_Василева |
||
| 999 |
_c140131 _d140131 |
||